Представление документа в формате MARC21

Поле Инд. ПП Название Значение
Тип записи a
Библиографический уровень m
001 Контрольный номер RU/IS/BASE/312377760
005 Дата корректировки 20140703182057.6
040 a Служба первич. каталог. НБ ТвГУ
b Код языка каталог. rus
e Правила каталог. PSBO
041 0_ a Код языка текста rus
080 a Индекс УДК 821.161.1.09(043.3)
084 a Индекс другой классификации/Индекс ББК Ш5(2=411.2)6-334я031
a Индекс другой классификации/Индекс ББК Ш5(2=411.2)6-34я031
090 a Полочн. индекс Ш5(2=411.2)
x Авторский знак К 82
100 1_ a Автор Криворучко Анна Юрьевна
q Полное имя Криворучко А. Ю.
245 10 a Заглавие Функции экфрасиса в русской прозе 1920-х годов
b Продолж. заглавия автореф. дис. ... канд. филол. наук : 10.01.01
c Ответственность Твер. гос. ун-т, Каф. рус. лит. XX-XXI веков
260 a Место издания Тверь
b Издательство Тверской государственный университет
c Дата издания 2009
300 a Объем 18 с.
500 a Примечание На правах рукоп.
504 a Библиография Библиогр. в конце кн. и в подстроч. примеч.
650 a Основная рубрика Русская литература
x Основная подрубрика История
x Основная подрубрика Проза
y Хронологическая подрубрика 20 в.
650 14 a Основная рубрика Русская проза
y Хронологическая подрубрика 1920-е гг.
653 a Ключевые слова Бунин
a Ключевые слова Каверин
a Ключевые слова Лавренев
a Ключевые слова Проза
a Ключевые слова Русская литература
a Ключевые слова Русская проза
a Ключевые слова Экфрасис в русской литературе
a Ключевые слова Авторефераты
a Ключевые слова Труды Тверского государственного университета
710 a Организация/ юрисдикция Тверской государственный университет
920 a Оператор Густ
930 a Новая/Ретро авторефераты
952 c Вид литературы А/Р н
954 a Дата поступления на обработку 20091124